Southville International School and Colleges
Your cart is empty.
  • Cart
  • Lists
    Public lists Eva Luna New books Lux_list list_1
    Your lists Log in to create your own lists
  • Log in to your account
  • Your cookies
  • Search history
Southville International School and Colleges
  • Advanced search
  • Recent comments
  • Most popular
  • Libraries

Log in to your account

Log in with GOOGLE


If you do not have an external account, but do have a local account, you can still log in:

  1. Home
  2. MARC view: Oliver Twist /
Normal view MARC view ISBD view

Oliver Twist / (Record no. 103319)

[ view plain ]
MARC details
000 -LEADER
fixed length control field 00640nam a2200181 a 4500
005 - DATE AND TIME OF LATEST TRANSACTION
control field 20140412111259.0
008 - FIXED-LENGTH DATA ELEMENTS--GENERAL INFORMATION
fixed length control field 010423s19uu xx 00 eng d
020 ## - INTERNATIONAL STANDARD BOOK NUMBER
International Standard Book Number 0-7214-7384-9
050 ## - LIBRARY OF CONGRESS CALL NUMBER
Classification number M 823.8
Item number D52 1998
100 ## - MAIN ENTRY--PERSONAL NAME
Personal name Dickens, Charles
245 ## - TITLE STATEMENT
Title Oliver Twist /
Statement of responsibility, etc by Charles Dickesn; retold by Brenda Ralph Lewis and Ronne Randall ; illustrated by John Holder.
260 ## - PUBLICATION, DISTRIBUTION, ETC. (IMPRINT)
Place of publication, distribution, etc Leicestershire, UK :
Name of publisher, distributor, etc Ladybird Books Ltd,
Date of publication, distribution, etc 1998.
300 ## - PHYSICAL DESCRIPTION
Extent 1v. (unp.) ; ill.
520 ## - SUMMARY, ETC.
Summary, etc Born in the workhouse, orphan Oliver Twist grows up with hunger and misery.
650 ## - SUBJECT ADDED ENTRY--TOPICAL TERM
Topical term or geographic name as entry element Folk Tales
650 ## - SUBJECT ADDED ENTRY--TOPICAL TERM
Topical term or geographic name as entry element Children's stories
Holdings
Withdrawn status Lost status Damaged status Home library Current library Shelving location Date acquired Source of acquisition Total Checkouts Full call number Barcode Date last seen Price effective from Koha item type
      Elizalde Library Elizalde Library Main Section 04/23/2001     M 823.8 D52 1998 E4435 04/12/2014 04/12/2014 Books

Oliver Twist /

APA

Dickens C., . (1998). Oliver Twist. Leicestershire, UK: Ladybird Books Ltd.

Chicago

Dickens Charles, . 1998. Oliver Twist. Leicestershire, UK: Ladybird Books Ltd.

Harvard

Dickens C., . (1998). Oliver Twist. Leicestershire, UK: Ladybird Books Ltd.

MLA

Dickens Charles, . Oliver Twist. Leicestershire, UK: Ladybird Books Ltd. 1998.

  • Place hold
  • Print
  • Cite
  • Add to your cart (remove)
  • Save record
    BIBTEX Dublin Core MARCXML MARC (non-Unicode/MARC-8) MARC (Unicode/UTF-8) MARC (Unicode/UTF-8, Standard) MODS (XML) RIS
  • More searches
    Search for this title in:
    Other Libraries (WorldCat) Other Databases (Google Scholar) Online Stores (Bookfinder.com) Open Library (openlibrary.org)

Exporting to Dublin Core...

SOUTHVILLE LIBRARY

Southville International School and Colleges Library

1281 Tropical Ave. Cor. Luxembourg St., BF Homes International, Las Pinas City

Tel. No. 8256374 / 252358 Loc. 117/146

Powered by Koha